Statistiques concernant Les pays sans McDonald's

Cliquez ici pour prendre le quiz!

Statistiques générales

  • Ce quiz a été pris 248 fois
  • Le résultat moyen est 4 sur 14

Réponses sur la Carte

Les réponses sont colorées sur une échelle allant du rouge au vert en fonction du pourcentage des utilisateurs qui les ont devinées à leur premier essai. Vous pouvez retrouver ces pourcentages ci-dessous.
 

Statistiques - réponses

Réponse% Correct
Corée du Nord
72%
Iran
51%
Afghanistan
44%
Vatican
42%
Islande
35%
Yémen
29%
Mongolie
28%
Cuba
25%
Bolivie
23%
Algérie
22%
Montenegro
15%
Macédoine du nord
13%
Seychelles
11%
Cambodge
10%

Distribution des résultats

Percentile par nombre de réponses

% des personnes avec chaque résultat

Votre développement - résultats

Vous n’avez pas pris ce quiz